[Event "Plzen m (Women)"]
[Site "Plzen"]
[Date "2001.??.??"]
[Round "1.1"]
[White "Krupkova, Petra"]
[Black "Stockova, Zuzana"]
[Result "1/2-1/2"]
[WhiteElo "2281"]
[BlackElo "2342"]
[PlyCount "81"]
[EventDate "2001.08.??"]
[EventType "match"]
[EventRounds "4"]
[EventCountry "CZE"]
[SourceTitle "EXT 2002"]
[Source "ChessBase"]
[SourceDate "2001.11.25"]
[SourceVersion "1"]
[SourceVersionDate "2001.11.25"]
[SourceQuality "1"]

1. e4 e6 2. d4 d5 3. Nc3 Nf6 4. Bg5 Be7 5. e5 Nfd7 6. h4 Bxg5 7. hxg5 Qxg5 8. Nh3 Qe7 9. Nf4 Nc6 10. Qg4 g6 11. 0-0-0 h5 12. Qg3 Nb6 13. Bd3 Bd7 14. a3 0-0-0 15. Qe3 Kb8 16. Kb1 Na5 17. Bxg6 Nbc4 18. Qc1 fxg6 19. Nxg6 Qg7 20. Nxh8 Rxh8 21. b3 Nb6 22. g3 Be8 23. Ne2 Bg6 24. Qd2 Nc6 25. Nf4 Bf7 26. Rh2 Ne7 27. Rdh1 Qg5 28. Qd1 c5 29. Nxh5 Rc8 30. f4 Bxh5 31. fxg5 Bxd1 32. Rxd1 cxd4 33. Rh6 Rg8 34. Rxe6 Nbc8 35. Rxd4 Rxg5 36. g4 a6 37. c4 dxc4 38. Rxc4 Nc6 39. Rf4 Rxe5 40. Rxe5 Nxe5 41. Kc2 1/2-1/2

[Event "Plzen m (Women)"]
[Site "Plzen"]
[Date "2001.??.??"]
[Round "2.1"]
[White "Stockova, Zuzana"]
[Black "Krupkova, Petra"]
[Result "1-0"]
[WhiteElo "2342"]
[BlackElo "2281"]
[PlyCount "61"]
[EventDate "2001.08.??"]
[EventType "match"]
[EventRounds "4"]
[EventCountry "CZE"]
[SourceTitle "EXT 2002"]
[Source "ChessBase"]
[SourceDate "2001.11.25"]
[SourceVersion "1"]
[SourceVersionDate "2001.11.25"]
[SourceQuality "1"]

1. e4 c5 2. Nf3 d6 3. d4 cxd4 4. Nxd4 Nf6 5. Nc3 a6 6. Be2 e6 7. 0-0 Nbd7 8. f4 b5 9. Bf3 Bb7 10. a3 Rc8 11. Qe2 e5 12. fxe5 Nxe5 13. Bg5 Qb6 14. Rad1 Nfd7 15. Kh1 h6 16. Bh4 g6 17. Bg4 Nxg4 18. Qxg4 Ne5 19. Qf4 Bg7 20. Bf6 0-0 21. Bxg7 Kxg7 22. Qf6+ Kh7 23. Nf5 gxf5 24. Rxd6 Qe3 25. Qxe5 Bxe4 26. Nxe4 Qxe4 27. Qf6 Qe3 28. Qxf5+ Kg8 29. Rxa6 Qd2 30. c3 Qxb2 31. Rxh6 1-0